| 000 | 01201cam a2200361 4500 | ||
|---|---|---|---|
| 999 |
_c23104 _d23104 |
||
| 001 | vtls011790125 | ||
| 005 | 20220131080422.0 | ||
| 008 | 210624s2018 xo er 000 f slo | ||
| 020 |
_a9788055163246 _q(viazané) |
||
| 035 | _a05F45598-7C96-4756-85AC-F89D30750DC5 | ||
| 035 | _aurn:nbn:sk:snk-am3icwa | ||
| 035 | _aurn:nbn:sk:snk-am00e3sm | ||
| 040 |
_aSKPK _bslo _cSKPK _dSNK _erda |
||
| 041 | 1 |
_aslo _heng |
|
| 044 |
_axo _cSK |
||
| 072 | 7 |
_a821.111(73)-3 _xAmerická próza _2konspekt |
|
| 080 |
_a821.111(73)-31 _22011 |
||
| 100 | 1 |
_aWhelan, Julia, _d1984- _4aut _92608 |
|
| 240 | 1 | 0 |
_aMy Oxford year _lSlovensky |
| 245 | 1 | 0 |
_aRok v Oxforde _cJulia Whelanová ; preložila Oľga Hlaváčová |
| 264 | 1 |
_aBratislava _bIkar _c2018 |
|
| 300 |
_a335 strán _c21 cm |
||
| 336 |
_atext _btxt _2rdacontent |
||
| 337 |
_abez média _bn _2rdamedia |
||
| 338 |
_azväzok _bnc _2rdacarrier |
||
| 500 | _aPreložené z angličtiny | ||
| 500 | _aNa obálke knihy: Čo zaváži - láska, ambície alebo súcit? | ||
| 655 | 7 |
_aamerické romány _2SNKPH _92 |
|
| 655 | 7 |
_aAmerican novels _2SNKPHeng _91670 |
|
| 700 | 1 |
_aHlaváčová, Oľga _c(prekladateľka) _4trl _91816 |
|
| 958 | _aLX | ||
| 958 | _aUP | ||